[Event "Bergen Grand Prix 2022"]
[Site "Nordnes Bydelshus"]
[Date "2022.11.25"]
[Round "4"]
[White "Fossheim, Yngve Götestam"]
[Black "Høyforsslett, Gard Rye"]
[Result "1-0"]
[WhiteElo "1951"]
[BlackElo "1741"]

1. d4 d5 2. c4 c6 3. Nf3 Nf6 4. Qc2 dxc4 5. e4 b5 6. b3 cxb3 7. axb3 a6 8. Be2
e6 9. Bg5 Be7 10. e5 Nd5 11. Bxe7 Qxe7 12. Nbd2 Bb7 13. O-O O-O 14. Ne4 Nd7 15.
Nd6 N7b6 16. Rfc1 Nb4 17. Qd2 N6d5 18. Ng5 Ra7 19. Nge4 Rfa8 20. Bh5 Rf8 21.
Nc5 Bc8 22. Bxf7+ Kh8 23. Nxc8 Rxc8 24. Bxe6 Rca8 25. Bxd5 Nxd5 26. b4 Nb6 27.
Qe1 Nc4 28. Qe4 Qc7 29. Ne6 Qd7 30. Ng5 g6 31. Qh4 Qe7 32. Rc3 Qxb4 33. Rf3 Kg8
34. e6 Rg7 35. Rf7 Ra7 36. Qh6 Raxf7 37. exf7+ Rxf7 38. Nxf7 Kxf7 39. Qxh7+ Kf6
40. d5 cxd5 41. Rxa6+ Nd6 42. h3 Qc5 43. Qh4+ Kf5 44. Qg4+ Kf6 45. Qf4+ Ke7 46.
Qe5+ Kd7 47. Qg7+ Ke6 48. Qxg6+ Ke5 49. Qg3+ Ke6 50. Qe3+ Qxe3 51. fxe3 Kd7 52.
Kf2 Nc4 53. Ke2 b4 54. Ra4 b3 55. Rb4 b2 56. h4 Ke6 57. g4 Kf6 58. g5+ Kg6 59.
Kd3 Kh5 60. Kc2 Nxe3+ 61. Kxb2 Nf5 62. Kc3 Ne7 63. Rf4 Ng6 64. Rd4 Ne7 65. Kb4
Nf5 66. Kc5 Ne7 67. Kd6 Nf5+ 68. Kxd5 Ne7+ 69. Ke6 Nf5 70. Rf4 Ng7+ 71. Kf7 1-0

[Event "Bergen Grand Prix 2022"]
[Site "Nordnes Bydelshus"]
[Date "2022.11.25"]
[Round "4"]
[White "Moeller, Lisa-Marie"]
[Black "Gryte, Jonas"]
[Result "0-1"]
[WhiteElo "1932"]
[BlackElo "1474"]

1. e4 e5 2. Nc3 Nf6 3. f4 d5 4. fxe5 Nxe4 5. Qf3 f5 6. d3 Nxc3 7. bxc3 d4 8.
Qg3 Nc6 9. Be2 Be6 10. c4 Qd7 11. Bd2 O-O-O 12. Rb1 Bc5 13. Bf3 h6 14. h4 g6
15. Bxc6 Qxc6 16. Qf3 Bd7 17. Qxc6 Bxc6 18. Nf3 Rde8 19. Kf2 Ba4 20. Bb4 Bxb4
21. Rxb4 Bxc2 22. Ne1 a5 23. Rb5 Ba4 24. Rxa5 Bc6 25. Nf3 b6 26. Ra3 Rd8 27.
Re1 Rhe8 28. Rb3 Re6 29. Rb2 Bxf3 30. gxf3 g5 31. hxg5 hxg5 32. Kg3 Rh8 33. Rb5
Reh6 34. Rg1 Rh2 35. Rg2 R8h3+ 36. Kf2 Rxg2+ 37. Kxg2 g4 38. fxg4 fxg4 39. Rd5
Rxd3 40. e6 Re3 41. Rxd4 Rxe6 42. Rxg4 Re2+ 43. Kf3 Rxa2 44. Ke4 Rd2 45. Rg6
Kb7 46. Rh6 c5 47. Rh7+ Ka6 48. Rh6 Rd4+ 49. Ke5 Rxc4 50. Kd5 Rd4+ 51. Kc6 c4
52. Rh8 Ka5 53. Rh5+ Kb4 54. Rb5+ Kc3 55. Kxb6 Kd3 56. Kc5 Rd8 57. Kb4 c3 58.
Rc5 Rb8+ 59. Ka3 c2 60. Rc7 Rb1 61. Rd7+ Ke4 62. Re7+ Kd5 0-1

[Event "Bergen Grand Prix 2022"]
[Site "Nordnes Bydelshus"]
[Date "2022.11.25"]
[Round "4"]
[White "Sekkingstad, Thomas"]
[Black "Johannessen, Theo N"]
[Result "1/2-1/2"]
[WhiteElo "1806"]
[BlackElo "1745"]

1. d4 Nf6 2. Nf3 g6 3. g3 Bg7 4. Bg2 O-O 5. O-O d5 6. c4 dxc4 7. Na3 c5 8. dxc5
Nbd7 9. c6 bxc6 10. Nxc4 Bb7 11. Qc2 c5 12. Rd1 Qc8 13. Bh3 Bxf3 14. exf3 Qc7
15. Bg2 Rac8 16. Qe2 Rfe8 17. f4 Nb6 18. Be3 Red8 19. Ne5 Nfd5 20. Bd2 e6 21.
Rac1 Qb8 22. b3 Nd7 23. Ba5 N7b6 24. h4 Qb7 25. h5 Qe7 26. hxg6 hxg6 27. Rd2 g5
28. fxg5 Qxg5 29. Nf3 Qg4 30. Rdc2 Bh6 31. Rd1 Bg7 32. a3 Re8 33. Ne5 Qxe2 34.
Rxe2 f6 35. Nc4 Nxc4 36. bxc4 Nb6 37. Bxb6 axb6 38. Rd6 Rb8 39. Rb2 Red8 40.
Rxe6 Rd1+ 41. Kh2 Ra1 42. Bd5 Kh7 43. Rb3 Kg6 44. Kg2 Ra2 45. g4 Bh6 46. Kg3
Ra1 47. Re7 Rg1+ 48. Kh2 Rxg4 49. Kh3 Rg1 50. Rg3+ Rxg3+ 51. Kxg3 Bd2 52. f4
Bc3 53. Be4+ f5 54. Re6+ Bf6 55. Bd5 Kg7 56. Re1 Bc3 57. Re3 Bd4 58. Rb3 Re8
59. Kf3 Rh8 60. Kg2 Rh6 1/2-1/2

[Event "Bergen Grand Prix 2022"]
[Site "Nordnes Bydelshus"]
[Date "2022.11.25"]
[Round "5"]
[White "Skytte, Rasmus"]
[Black "Fossheim, Yngve Götestam"]
[Result "1-0"]
[WhiteElo "2351"]
[BlackElo "1951"]

1. e4 c5 2. Nf3 g6 3. Bc4 Nc6 4. O-O Bg7 5. c3 e6 6. d4 cxd4 7. Nxd4 Nge7 8.
Nb5 d5 9. exd5 exd5 10. Bxd5 Nxd5 11. Qxd5 Qxd5 12. Nc7+ Kd8 13. Nxd5 Be6 14.
Nf4 Re8 15. Na3 a6 16. Rd1+ Kc7 17. Be3 b5 18. Nc2 Bg4 19. Re1 Rad8 20. a4 bxa4
21. h3 Bf5 22. Na3 Na5 23. Rad1 Kc6 24. Ne2 Rxd1 25. Rxd1 Rb8 26. Nd4+ Bxd4 27.
Rxd4 Rxb2 28. Rxa4 Nb7 29. Rxa6+ Kd7 30. Nc4 Rb5 31. Nb6+ Kc6 32. Nc4+ Kd5 33.
Nd2 Nd6 34. Ra7 Nc4 35. Nxc4 Kxc4 36. Rxf7 h5 37. Rc7+ Kd3 38. c4 Rb1+ 39. Kh2
Be4 40. c5 Rb2 41. c6 Rc2 42. Rd7+ Ke2 43. c7 Bb7 44. Kg3 Rc4 45. Rd6 h4+ 46.
Kh2 Kf1 47. Bb6 Bxg2 48. Rxg6 Bf3 49. Rg8 Bb7 50. Rg4 Rc6 51. Ba5 Kxf2 52. Rf4+
Ke3 53. Rxh4 Kf3 54. Rd4 Rc5 55. Rd3+ Ke4 56. Rb3 Bc8 57. Bb6 Rh5 58. Rb4+ Kf3
59. Rb3+ Ke4 60. Bf2 Rh7 61. Bb6 Rh5 62. Rb4+ Kf3 63. h4 Re5 64. Rb3+ Kg4 65.
Bf2 Re2 66. Kg2 Rc2 67. Rb4+ Kf5 68. Rb5+ Kg4 69. Rg5+ Kf4 70. Rb5 Kg4 71. Rb4+
Kf5 72. Rb5+ Kg4 73. Rg5+ Kf4 74. Rc5 Ra2 75. Rc4+ Kf5 76. h5 Kg5 77. Rc5+ Kf4
78. h6 Bb7+ 79. Kf1 Ba6+ 80. Kg1 Ra1+ 81. Kh2 Bb7 82. Rc4+ Ke5 83. Bd4+ 1-0

[Event "Bergen Grand Prix 2022"]
[Site "Nordnes Bydelshus"]
[Date "2022.11.25"]
[Round "5"]
[White "Houska, Jovanka"]
[Black "Eriksen, Olai Dyrhaug"]
[Result "1-0"]
[WhiteElo "2347"]
[BlackElo "1831"]

1. d4 d5 2. c4 e6 3. Nf3 Nf6 4. Nc3 c5 5. cxd5 Nxd5 6. e4 Nxc3 7. bxc3 cxd4 8.
cxd4 Bb4+ 9. Bd2 Bxd2+ 10. Qxd2 O-O 11. Bc4 Nd7 12. O-O Nf6 13. Rfe1 b6 14.
Rad1 Bb7 15. Bd3 h6 16. h3 Rc8 17. Qf4 Qc7 18. Qh4 Rfd8 19. Re3 a6 20. Rde1 Qe7
21. d5 e5 22. Qg3 Nd7 23. Nh4 Qg5 24. Nf5 Rc5 25. Qxg5 hxg5 26. Nd6 Bc8 27. Rf3
f6 28. Nxc8 Rdxc8 29. Bxa6 Ra8 30. Bb7 Rxa2 31. Rb1 Kf7 32. Bc6 Nb8 33. Rxb6
Nxc6 34. dxc6 Rac2 35. Rb7+ Ke6 36. Rxg7 Rxc6 37. Ra3 Rc7 38. Rg8 Rc8 39. Rg7
R2c7 40. Ra6+ Rc6 41. Raa7 Rc1+ 42. Kh2 Re1 43. Ra6+ 1-0

[Event "Bergen Grand Prix 2022"]
[Site "Nordnes Bydelshus"]
[Date "2022.11.25"]
[Round "5"]
[White "Roulet-Dubonnet, Emerik Våpenstad"]
[Black "Mansoor, Afras"]
[Result "0-1"]
[WhiteElo "2309"]
[BlackElo "1990"]

1. d4 Nf6 2. c4 e6 3. Nc3 Bb4 4. Qc2 O-O 5. a3 Bxc3+ 6. Qxc3 d5 7. Nf3 Nc6 8.
Bg5 h6 9. Bh4 g5 10. Bg3 Ne4 11. Qd3 h5 12. h3 Nxg3 13. fxg3 dxc4 14. Qd2 f6
15. O-O-O b5 16. e4 Bb7 17. g4 Qe7 18. gxh5 Rad8 19. Qe3 Na5 20. Kb1 c5 21. Re1
Nb3 22. dxc5 Qxc5 23. Qxc5 Bxe4+ 24. Ka2 Nxc5 25. Be2 Bxf3 26. Bxf3 Rd2 27. Rd1
Rfd8 28. Rxd2 Rxd2 29. Rd1 c3 30. Rxd2 cxd2 31. Kb1 Nd3 32. Kc2 Ne1+ 33. Kxd2
Nxf3+ 34. gxf3 e5 35. Kc3 Kg7 36. Kb4 a6 37. Kc5 Kh6 38. Kd6 Kxh5 39. Ke6 Kg6
40. b4 Kg7 41. Kd5 Kf7 42. Kd6 Kg7 43. Kd5 Kf7 44. Kd6 Kg6 45. Ke6 f5 46. Kxe5
f4 47. Kd6 Kh5 48. Kc6 Kh4 49. Kb6 Kxh3 50. Kxa6 g4 51. Kxb5 gxf3 52. Kc6 f2
53. b5 f1=Q 54. b6 Qc4+ 55. Kd7 Qd3+ 56. Kc7 Qxa3 57. b7 Qb4 58. b8=N f3 59.
Nc6 Qc5 0-1

[Event "Bergen Grand Prix 2022"]
[Site "Nordnes Bydelshus"]
[Date "2022.11.25"]
[Round "5"]
[White "Hølleland, Sigve"]
[Black "Brodtkorb, Lars Johan"]
[Result "1-0"]
[WhiteElo "2148"]
[BlackElo "2111"]

1. c4 Nf6 2. Nf3 g6 3. Nc3 Bg7 4. e4 d6 5. d4 O-O 6. h3 e5 7. d5 Nh5 8. g4 Nf4
9. Bxf4 exf4 10. Qd2 c6 11. Be2 Qb6 12. Rb1 Nd7 13. O-O Ne5 14. Qxf4 f5 15.
exf5 gxf5 16. g5 Ng6 17. Qd2 Qd8 18. dxc6 bxc6 19. Rbd1 f4 20. Qxd6 Bxh3 21.
Qxc6 Qe7 22. Rfe1 Ne5 23. Nxe5 Qxg5+ 24. Kh1 Qh4 25. Nf3 Qxf2 26. Rg1 Rad8 27.
Rxg7+ Kxg7 28. Rg1+ Kh8 29. Qh6 Rf7 30. Ne5 Rdd7 31. Ng6+ Kg8 32. Ne7+ Kh8 33.
Rg8# 1-0

[Event "Bergen Grand Prix 2022"]
[Site "Nordnes Bydelshus"]
[Date "2022.11.25"]
[Round "5"]
[White "Hagesæther, Arne"]
[Black "Sneeggen, Espen"]
[Result "1/2-1/2"]
[WhiteElo "2050"]
[BlackElo "1671"]

1. e4 c5 2. Nf3 d6 3. c3 Nf6 4. Be2 g6 5. O-O Bg7 6. Re1 O-O 7. Bf1 Nc6 8. h3
Nd7 9. Na3 e5 10. b3 Nb6 11. Bb2 d5 12. exd5 Qxd5 13. d4 cxd4 14. cxd4 e4 15.
Ne5 Rd8 16. Nac4 Nxd4 17. Bxd4 Qxd4 18. Qe2 Nxc4 19. Nxc4 Bf5 20. Rad1 Qf6 21.
g4 Bd7 22. Nd6 Bc6 23. Nxe4 Qh4 24. Bg2 Re8 25. Qc4 Rad8 26. Nc5 Rxe1+ 27. Rxe1
Rd2 28. Qf4 Bh6 29. Qb8+ Bf8 30. Qf4 Bh6 31. Qb8+ 1/2-1/2

[Event "Bergen Grand Prix 2022"]
[Site "Nordnes Bydelshus"]
[Date "2022.11.25"]
[Round "5"]
[White "Bjarnason, Snorri Vikanes"]
[Black "Sekkingstad, Thomas"]
[Result "1-0"]
[WhiteElo "1673"]
[BlackElo "1806"]

1. c4 c6 2. e3 Nf6 3. Nf3 d5 4. b3 g6 5. Bb2 Bg7 6. Be2 O-O 7. O-O Nbd7 8. d3
b6 9. Nbd2 Bb7 10. Qc2 c5 11. cxd5 Nxd5 12. Bxg7 Kxg7 13. a3 e5 14. Qb2 Qe7 15.
Rfe1 f6 16. h4 Rfe8 17. Ne4 Rad8 18. Ng3 Nf8 19. d4 cxd4 20. exd4 e4 21. Bb5
Nd7 22. Nxe4 Qf8 23. Qd2 a6 24. Bf1 f5 25. Neg5 Qd6 26. Ne5 Re7 27. Nc4 Qf6 28.
Rxe7+ Nxe7 29. Re1 Nf8 30. Nxb6 h6 31. Nh3 Ne6 32. Qe3 Kf7 33. Bc4 Rd6 34. Qxh6
Rxb6 35. Ng5+ Ke8 36. Nxe6 Bc8 37. Ng7+ Kd7 38. Ne6 Ke8 39. Qe3 Rd6 40. Nf4
Qxh4 41. Nd5 Rd7 42. Qe6 Kd8 43. Qb6+ 1-0

[Event "Bergen Grand Prix 2022"]
[Site "Nordnes Bydelshus"]
[Date "2022.11.25"]
[Round "5"]
[White "Johannessen, Theo N"]
[Black "Gryte, Jonas"]
[Result "1-0"]
[WhiteElo "1745"]
[BlackElo "1474"]

1. d4 Nf6 2. Nf3 e6 3. c4 b6 4. g3 Bb7 5. Bg2 Be7 6. O-O O-O 7. Nc3 Ne4 8. Qc2
Nxc3 9. Qxc3 Bf6 10. Qc2 Na6 11. Ng5 Bxg5 12. Bxg5 Qxg5 13. Bxb7 Nb4 14. Qb3
Rab8 15. Bg2 c5 16. Rfd1 Rfd8 17. Qa4 Nc6 18. Bxc6 dxc6 19. Qxa7 cxd4 20. Rxd4
Rxd4 21. Qxb8+ Qd8 22. Qxd8+ Rxd8 23. Kf1 Rd2 24. b3 Kf8 25. f4 Ke7 26. Kf2 Kf6
27. c5 b5 28. a4 bxa4 29. Rxa4 Rb2 30. b4 Ke7 31. Ra7+ Ke8 32. Rb7 Rb3 33. h3
Rb2 34. Kf3 Rb3+ 35. e3 Rb1 36. Ke4 f6 37. Rxg7 Rxb4+ 38. Kd3 Rb3+ 39. Kd4 Rb4+
40. Kc3 Rb5 41. Kc4 Rb1 42. Rxh7 Rc1+ 43. Kd4 Rd1+ 44. Kc3 Rc1+ 45. Kb4 Rb1+
46. Kc3 Rc1+ 47. Kd2 Rxc5 48. g4 Kf8 49. Kd3 Rc1 50. g5 fxg5 51. fxg5 Rg1 52.
h4 Rg4 53. Ke2 c5 54. Kf3 Rg1 55. Rc7 Rh1 56. Kg4 Re1 57. Rxc5 Rxe3 58. Rc7 e5
59. Kh5 Re4 60. g6 Kg8 61. Kg5 Re1 62. Kh6 1-0

[Event "Bergen Grand Prix 2022"]
[Site "Nordnes Bydelshus"]
[Date "2022.11.25"]
[Round "5"]
[White "Texe, Eirik"]
[Black "Lien, Sebastian"]
[Result "1/2-1/2"]
[WhiteElo "1562"]
[BlackElo "1588"]

1. e4 Nf6 2. e5 Nd5 3. d4 d6 4. Nf3 dxe5 5. Nxe5 c6 6. Qf3 Be6 7. Bc4 Nd7 8.
O-O Nxe5 9. dxe5 Qc8 10. a3 g6 11. Bxd5 Bxd5 12. Qf4 Bg7 13. Re1 O-O 14. h4 Qe6
15. Nc3 f6 16. Nxd5 cxd5 17. Qb4 fxe5 18. Bf4 a5 19. Qd2 e4 20. c3 Qf5 21. Be3
Rad8 22. Rad1 Bf6 23. Bh6 Bg7 24. Bxg7 Kxg7 25. Re3 h6 26. Rde1 Qf4 27. g3 Qg4
28. Qd4+ Kh7 29. Qc5 Rd6 30. R1e2 Rf5 31. Qc7 Rdf6 32. c4 Rf7 33. cxd5 e6 34.
Rxe4 Qf3 35. Qxa5 Rxd5 36. Qe1 Qb3 37. Rd2 b5 38. Re3 Qc4 39. Rc3 Qg4 40. Rcd3
Rfd7 41. Rxd5 exd5 42. Rxd5 Rxd5 43. Qe7+ Kg8 44. Qe8+ Kg7 45. Qe7+ Kg8 46.
Qe8+ Kg7 1/2-1/2